Medzinárodná asociácia pre krajinnú ekológiu

Medzinárodná asociácia pre krajinnú ekológiu - International association for landscape ecology (IALE). Vznik, ciele, fungovanie, činnosť. Aktívne zapájanie slovenských ekológov do činnosti IALE.

Salvato in:
Dettagli Bibliografici
Autore principale: Kozová, Mária
Natura: Capitolo di libro
Lingua:slovacco
inglese
Soggetti:
Tags: Aggiungi Tag
Nessun Tag, puoi essere il primo ad aggiungerne!!

MARC

LEADER 00000naa$a2200000$$$4500
001 0098230
005 20231128132828.3
041 0 |a slo 
041 0 |a eng 
044 |a SK 
245 1 0 |a Medzinárodná asociácia pre krajinnú ekológiu  |c Mária Kozová 
520 |a Medzinárodná asociácia pre krajinnú ekológiu - International association for landscape ecology (IALE). Vznik, ciele, fungovanie, činnosť. Aktívne zapájanie slovenských ekológov do činnosti IALE. 
610 2 0 |a ekológia krajiny 
610 2 0 |a asociácie 
610 2 0 |a spolupráca medzinárodná 
100 1 |a Kozová, Mária